Deutsche Universitätsstädte - Statistiken

Allgemein
  • Dieses Quiz wurde 571 mal gespielt
    506 seit der letzten Aktualisierung
  • Das Durchschnittsergebnis liegt bei 54 aus 79
Antwortstatistiken
Universitäten Stadt % Korrekt
Ludwig-Maximilians-Universität; Technische Universität München
96%
Goethe-Universität Frankfurt am Main
94%
Technische Universität (Sachsen) Dresden
93%
Universität (Bremen) Bremen
92%
Universität, HafenCity Universität, TUHH Hamburg
92%
Gottfried Wilhelm Leibniz Universität Hannover
92%
Universität (Sachsen) Leipzig
92%
Christian-Albrechts-Universität Kiel
91%
Johannes Gutenberg-Universität Mainz
91%
Humboldt-Universität, Freie Universität Berlin
90%
Friedrich-Alexander-Universität Nürnberg
90%
Universität (Brandenburg) Potsdam
90%
Universität des Saarlandes Saarbrücken
90%
Heinrich-Heine-Universität Düsseldorf
89%
Universität (Thüringen) Erfurt
89%
Universität (Nrw) Köln
89%
Universität (Baden-Württemberg) Stuttgart
88%
Technische Universität (Nrw) Dortmund
87%
Friedrich-Schiller-Universität Jena
87%
Technische Universität Bergakademie (Sachsen) Freiberg
86%
Albert-Ludwigs-Universität Freiburg
86%
RWTH Aachen
85%
Universität (Mecklenburg-Vorpommern) Rostock
85%
Ruhr-Universität Bochum
84%
Universität (Bayern) Augsburg
83%
Ruprecht-Karls-Universität Heidelberg
83%
Universität (Baden-Württemberg) Mannheim
83%
Rheinische Friedrich-Wilhelms-Universität Bonn
82%
Technische Universität KIT (Baden-Württemberg) Karlsruhe
81%
Technische Universität (Sachsen) Chemnitz
80%
Otto-von-Guericke-Universität Magdeburg
80%
Westfälische Wilhelms-Universität Münster
80%
Technische Universität (Niedersachsen) Braunschweig
78%
Julius-Maximilians-Universität Würzburg
77%
Universität (Nrw) Bielefeld
76%
Universität (Hessen) Kassel
76%
Universität (Baden-Württemberg) Ulm
76%
Universität (Schleswig-Holstein) Lübeck
75%
Universität (Nrw) Duisburg
74%
Martin-Luther-Universität Halle
74%
Universität (Bayern) Regensburg
73%
Brandenburgische Technische Universität Cottbus
72%
Europa-Universität (Schleswig-Holstein) Flensburg
72%
Universität (Rheinland-Pfalz) Koblenz
72%
Technische Universität (Hessen) Darmstadt
71%
Georg-August-Universität Göttingen
70%
Universität (Niedersachsen) Osnabrück
70%
Universität (Rheinland-Pfalz) Trier
70%
Carl von Ossietzky Universität Oldenburg
69%
Katholische Universität (Bayern) Ingolstadt
66%
FernUniversität (Nrw) Hagen
65%
Eberhard Karls Universität Tübingen
65%
Bauhaus-Universität Weimar
65%
Bergische Universität Wuppertal
64%
Friedrich-Alexander-Universität Erlangen
63%
Philipps-Universität Marburg
62%
Universität (Bayern) Passau
62%
Justus-Liebig-Universität Gießen
61%
Universität (Bayern) Bayreuth
60%
Medizinische Hochschule Brandenburg Theodor Fontane Brandenburg
60%
Universität (Nrw) Paderborn
60%
Otto-Friedrich-Universität Bamberg
59%
Technische Universität (Rheinland-Pfalz) Kaiserslautern
58%
Universität (Meckenburg-Vorpommern) Greifswald
55%
Universität (Baden-Württemberg) Konstanz
54%
Universität (Nrw) Siegen
47%
Universität (Nrw) Witten
44%
Leuphana Universität Lüneburg
42%
Zeppelin Universität (Baden-Württemberg) Friedrichshafen
40%
Universität (Niedersachsen) Hildesheim
39%
Universität des Saarlandes Homburg
35%
Martin-Luther-Universität Wittenberg
35%
Europa-Universität Viadrina (Brandenburg) Frankfurt (Oder)
32%
Deutsche Universität für Verwaltungswissenschaften Speyer
31%
Katholische Universität (Bayern) Eichstätt
27%
Technische Universität (Thüringen) Ilmenau
20%
Technische Universität (Niedersachsen) Clausthal
11%
Medizinische Hochschule Brandenburg Theodor Fontane Neuruppin
11%
Brandenburgische Technische Universität Senftenberg
10%
Keine übereinstimmenden Quizze gefunden
Verteilung der Resultate
Anzahl Personen mit jedem Resultat
Perzentil nach korrekt beantworteten Fragen
Ihre Resultats-Entwicklung
Sie haben dieses Quiz seit der letzten Aktualisierung nicht gespielt